| 000 | 00385nam a22001577a 4500 | ||
|---|---|---|---|
| 003 | MPLRDC | ||
| 005 | 20220104142939.0 | ||
| 008 | 210129b ||||| |||| 00| 0 eng d | ||
| 082 | _a870.57 ORW c.3 | ||
| 100 | _aGEORGE ORWELL | ||
| 245 |
_a1984 _c邱素慧译 |
||
| 260 |
_a _b香港四季出版公司 _c1984 |
||
| 300 | _b平 | ||
| 650 | _a英文小说 | ||
| 942 |
_cBK _o870.57 ORW c.3 |
||
| 999 |
_c35162 _d35152 |
||